000 01089cam a2200217 4500
001 WB4001-12
008 031222n2003 000 0 eng u
035 _a(Sirsi) u124675
245 _aManufacturing conditions slowly getting better
260 _c2003
490 _aCBI News Release
_v 11 December 2003 (2)
520 _aThe latest CBI monthly industrial trends survey shows manufacturers' export order books fuller in December than for nearly three years and output expected to grow for the first time in a year. Domestic order books were at their highest since June 2002. Manufacturing prices are expected to go on falling over the next three months but at the slowest rate since January 2001 and stocks levels have been kept low by increased demand. http://www.cbi.org.uk/ndbs/press.nsf/0363c1f07c6ca12a8025671c00381cc7/ed338df8826b044e80256df700562230?OpenDocument
590 _aWB
650 _aECONOMIC OUTLOOK
650 _aMANUFACTURING
650 _aCBI SURVEY
650 _aEXPORT ORDERS
650 _aINDUSTRIAL TRENDS
690 _aECONOMIC ISSUES
942 _n0
999 _c73990
_d73990